Game of Thrones: Petyr Baelish Start to Finish Quiz Stats

 Plays Quiz not verified by Sporcle

Support Sporcle.
Go Orange.
Score 0/12 Timer 05:00
0 Plays Today
% Correct
???
99.8%
???
87.4%
???
74.1%
???
50.1%
???
31.3%
???
25.9%
???
23.3%
???
22.6%
???
19.6%
???
18.9%
???
18.7%
???
18.2%

You're not logged in!

Compare scores with friends on all Sporcle quizzes.
OR
Log In

From the Vault

True or False: Geography

by bazmerelda

If you don't manage to get at least 50%, then it's not your lucky day.
Remove Ads.
Support Sporcle.
Get the best of Sporcle when you Go Orange. This ad-free experience offers more features, more stats, and more fun while also helping to support Sporcle. Thank you for becoming a member.

Show Comments

Extras

Top Quizzes Today


Score Distribution

Your Account Isn't Verified!

In order to create a playlist on Sporcle, you need to verify the email address you used during registration. Go to your Sporcle Settings to finish the process.

Report this User

Report this user for behavior that violates our Community Guidelines.

Details: